Detalles MARC
| 000 -LEADER |
| fixed length control field |
02487nam a2200493 a 4500 |
| 005 - FECHA ULTIMA MODIFICACION |
| control field |
20240412132653.0 |
| 008 - CAMPO DE CONTROL (LIBRO) |
| fixed length control field |
100708t2004||||ag f |||| 001 0 spa d |
| 020 ## - INTERNATIONAL STANDARD BOOK NUMBER |
| ISBN |
9507864024 |
| 041 ## - CODIGO DE IDIOMA |
| Código de idioma del texto/pista de sonido o título separado |
spa |
| 092 ## - SIGNATURA TOPOGRAFICA DEWEY LOCAL |
| número de clasificación |
174 |
| libristica |
7 |
| sección |
BIO |
| 245 ## - TITULO PROPIAMENTE DICHO |
| Título |
Bioética y humanidades médicas / |
| Mención de responsabilidad y remanente de la transcripción de la portada |
Dietrich Von Engelhardt |
| 250 ## - MENCION DE EDICION |
| Mención de edición |
1a ed. |
| 260 ## - PIE DE IMPRENTA |
| Lugar de publicación, distribución, etc |
Buenos Aires: |
| Nombre de la editorial, distribuidor, etc |
Biblos; |
| Fecha de publicación |
2004. |
| 300 ## - DESCRIPCION FISICA |
| Extension |
231 p. |
| 500 ## - NOTA GENERAL |
| Nota general |
Von Engelhardt, D. et al. (2004). Bioética y humanidades médicas. (1a ed.). Buenos Aires : Biblos. |
| 590 ## - NOTAS LOCALES (RLIN) |
| Nota local |
Donación Dora Vera, febrero 2017 |
| 653 ## - TÉRMINO INDIZADO - PALABRAS CLAVES |
| Palabra clave |
Etica medica: estructura, desarrollo y difusion |
| 653 ## - TÉRMINO INDIZADO - PALABRAS CLAVES |
| Palabra clave |
Medico y paciente entre la ciencia y la humanidad en Karl Jaspers |
| 653 ## - TÉRMINO INDIZADO - PALABRAS CLAVES |
| Palabra clave |
Medicina y la interdisciplinariedad: perspectiva historica |
| 653 ## - TÉRMINO INDIZADO - PALABRAS CLAVES |
| Palabra clave |
Medicina y filosofia, recapitulacion historica y algunas reflexiones sobre la pediatria |
| 653 ## - TÉRMINO INDIZADO - PALABRAS CLAVES |
| Palabra clave |
Enseñanza universitaria de la bioetica: la experiencia en la Facultad de Medicina de la Universidad de Buenos Aires |
| 653 ## - TÉRMINO INDIZADO - PALABRAS CLAVES |
| Palabra clave |
Principio de la subjetividad en la antropologia del siglo XX |
| 653 #3 - TÉRMINO INDIZADO - PALABRAS CLAVES |
| Palabra clave |
El medico y la cultura |
| 653 ## - TÉRMINO INDIZADO - PALABRAS CLAVES |
| Palabra clave |
Integracion de perspectivas metodologicas en praxis terapeuticas |
| 653 #3 - TÉRMINO INDIZADO - PALABRAS CLAVES |
| Palabra clave |
Un atisbo antropologico en el sur Argentino |
| 653 ## - TÉRMINO INDIZADO - PALABRAS CLAVES |
| Palabra clave |
Bioetica personalista desde una perspectiva latinoamericana |
| 653 ## - TÉRMINO INDIZADO - PALABRAS CLAVES |
| Palabra clave |
Intensionalidad fenomenologica como fundamento del dialogo entre culturas y las ciencias del hombre |
| 653 ## - TÉRMINO INDIZADO - PALABRAS CLAVES |
| Palabra clave |
Fides et ratio: la relacion entre la fe y la razon. Encuentros, desencuentros y dialogo cultural |
| 653 ## - TÉRMINO INDIZADO - PALABRAS CLAVES |
| Palabra clave |
Estructura dialectica de la integracion interdisciplinaria |
| 653 ## - TÉRMINO INDIZADO - PALABRAS CLAVES |
| Palabra clave |
Filosofia y praxis psiquiatrica |
| 653 ## - TÉRMINO INDIZADO - PALABRAS CLAVES |
| Palabra clave |
Alcances del principio de autonomia en medicina |
| 653 ## - TÉRMINO INDIZADO - PALABRAS CLAVES |
| Palabra clave |
Etica en investigacion genetica |
| 653 #3 - TÉRMINO INDIZADO - PALABRAS CLAVES |
| Palabra clave |
La verdad junto al lecho del enfermo en un panorama historico |
| 653 #3 - TÉRMINO INDIZADO - PALABRAS CLAVES |
| Palabra clave |
El sufrimiento a lo largo de los siglos |
| 653 ## - TÉRMINO INDIZADO - PALABRAS CLAVES |
| Palabra clave |
Minucias de la agonia en la muerte Ivan Ilich |
| 653 #3 - TÉRMINO INDIZADO - PALABRAS CLAVES |
| Palabra clave |
La eutanasia entre el acortamiento de la vida y el apoyo a morir: experiencias del pasado, retos del presente |
| 653 ## - TÉRMINO INDIZADO - PALABRAS CLAVES |
| Palabra clave |
Etica y justicia en la distribucion de recursos en salud |
| 653 ## - TÉRMINO INDIZADO - PALABRAS CLAVES |
| Palabra clave |
Sida: perspectiva historica y panorama contemporaneo |
| 700 1# - ENTRADAS SECUNDARIAS - NOMBRE PERSONAL |
| Nombre personal |
Von Engelhardt, Dietrich |
| Función |
Ed. |
| 9 (RLIN) |
3182 |
| 700 1# - ENTRADAS SECUNDARIAS - NOMBRE PERSONAL |
| Nombre personal |
Mainetti, Jose Alberto |
| Función |
Ed. |
| 9 (RLIN) |
962 |
| 700 1# - ENTRADAS SECUNDARIAS - NOMBRE PERSONAL |
| Nombre personal |
Cataldi Amatriain, Roberto |
| Función |
Ed. |
| 9 (RLIN) |
3183 |
| 700 1# - ENTRADAS SECUNDARIAS - NOMBRE PERSONAL |
| Nombre personal |
Meyer, Luisa |
| Función |
Ed. |
| 9 (RLIN) |
3184 |
| 942 ## - ADDED ENTRY ELEMENTS (KOHA) |
| Source of classification or shelving scheme |
Dewey Decimal Classification |
| Item type |
Libros |